00329nam a2200121Ia 4500008004100000041000800041082001200049100001800061245004500079260004100124300003100165365001100196240624s9999 xx 000 0 und d aeng a658 DUE aDUERDEN DAVID aMANAGEMENT DEVELOPMENT ACTIVITIES CIPD T c2013aMumbaibBookland International axii, : 584 : p. : cm. ; 29 cRSb25